000 00911cam a22002054a 4500
005 20250605164212.0
008 250528s ||||||||||||||||||||||||d
035 _a20314
020 _a761962204
040 _aGR-AtMCL
_bgre
_dGR-AtMCL
_eAACR2
245 1 _aAn Introduction to Child Development
250 _a1st
260 _bSage Publications,
_c2002
300 _a290
520 _aThis textbook offers an engaging and comprehensive introduction to the study of Child Development. The Principles of Developmental Psychology, Theories of Development, Research Methodology in Developmental Psychology, The Biological Foundations of Development, Perceptual Development, Cognitive Development, The Development of Language and Communication, Emotional Development, Social Development, Developmental Psychopathology.
700 1 _aKeenan Thomas
_96320
942 _cBK
999 _c5436
_d5436